000 00470nam a2200181 a 4500
001 3094
003 CO-ViMGA
008 141112s2004 ck r 000 u spa d
040 _aCO-ViMGA
_bspa
_cCO-ViMGA
082 0 4 _a746.5922 V359
100 1 _aYenzl, Margret
_952434
245 1 0 _aCómo hacer muñecos de trapo
260 _aBarcelona :
_bCeac,
_c1987
300 _a45 p : il
490 _aCómo hacerlo, 46
650 1 4 _aMUÑECOS ELABORACION
_94997
942 _2ddc
_cBK
999 _c15149
_d15149